000 00725nam a2200241Ia 4500
003 OSt
005 20220926022420.0
006 a|||||r|||| 00| 0
007 ta
008 220923b |||||||| |||| 00| 0 eng d
020 _a9211126053
037 _cGeneral Book
040 _aRTL
_cRTL
_beng
041 _2eng
_aeng
082 _aX:77.6.P, P3
111 _aUnited Nations Conference on Trade and Development
_9302721
245 0 _aEconomic development in Africa
_b Trade performance
260 _aNew York
_bUnited Nations U. S. A.
_c2003
300 _a78p. Bibliography p.73-78
_ccm.
650 _aEconomic Development
_917300
942 _hX:77.6.P, P3
_cGB
_2CC
999 _c639417
_d639417